Podpora mnohofunkčnému poľnohospodárstvu súčasný dotačný systém vyrovnáva príjmy neefektívnych producentov s príjmami efektívnych prvovýrobcov

Bibliographic Details
Main Author: Sotník, Alexander (Author)
Format: Article
Language:Slovak
Subjects:

MARC

LEADER 00000nab a2200000 a 4500
001 vtls000720363
003 SK-MaSNL
005 20260304035344.0
008 180206c2000 xo 0 slo
015 |a SNBRB2000/04-09811 
035 |a CLN000072530 
040 |a SNKBUCL  |b slo  |c SNKBUCL  |e AACR2 
041 0 |a slo 
044 |a xo  |c SK 
080 |a 338.43(437.6):339.923(4)  |2 UDC-MRF-SK2 
080 |a 631(437.6)  |2 UDC-MRF-SK2 
080 |a 338.246.027(437.6)  |2 UDC-MRF-SK2 
080 |a 339.923(4:437.6)  |2 UDC-MRF-SK2 
100 1 |a Sotník, Alexander  |4 aut  |9 265401 
245 1 0 |a Podpora mnohofunkčnému poľnohospodárstvu  |b súčasný dotačný systém vyrovnáva príjmy neefektívnych producentov s príjmami efektívnych prvovýrobcov  |c Alexander Sotník 
610 7 |a Európska únia  |2 snkbucl  |9 29861 
610 7 |a SAPARD (program)  |2 snkbucl  |9 28719 
650 0 7 |a poľnohospodárstvo  |x politika dotačná  |z Slovensko  |2 snkbucl  |9 1319146 
650 0 7 |a dotácie štátne  |2 snkbucl  |9 846709 
655 7 |a články z novín a časopisov  |2 snkbucl  |9 267496 
773 0 |t Profit  |g Roč. 8, č. 5 (2000), s. 20-21 
850 |a Slovenská národná knižnica v Martine 
852 |a SNK  |b KIS3GCP 
958 |a RBX 
999 |c 2657721  |d 2659651